[Event "Tatry op"]
[Site "Tatranske Zruby"]
[Date "2011.09.28"]
[Round "5"]
[White "Balko, Dominik"]
[Black "Sturc, Jan"]
[Result "0-1"]
[WhiteElo "1854"]
[BlackElo "2031"]
[PlyCount "132"]
[EventDate "2011.09.25"]
[EventType "swiss"]
[EventRounds "9"]
[EventCountry "SVK"]
[SourceTitle "CBM 144 Extra"]
[Source "ChessBase"]
[SourceDate "2011.10.28"]
[SourceVersion "1"]
[SourceVersionDate "2011.10.28"]
[SourceQuality "1"]

1. d4 d5 2. Nc3 Nf6 3. Bg5 Nbd7 4. e3 e6 5. Nf3 h6 6. Bh4 c6 7. Bd3 Be7 8. 0-0 0-0 9. Ne5 c5 10. Nxd7 Bxd7 11. dxc5 Bxc5 12. Ne2 Rc8 13. c3 Be7 14. Bxf6 Bxf6 15. Bc2 g6 16. g3 Bg7 17. a4 Qe7 18. Nf4 Rfd8 19. Qe2 Bc6 20. Nd3 a5 21. f4 Qc7 22. Nc1 Qb6 23. Nb3 Be8 24. Ra2 Rc7 25. Nd4 Re7 26. Qf2 Rd6 27. Bd3 e5 28. Nb5 Rf6 29. Raa1 Bd7 30. Rfe1 g5 31. e4 Qxf2+ 32. Kxf2 dxe4 33. Bxe4 gxf4 34. gxf4 Rxf4+ 35. Ke3 Bc6 36. Bxc6 bxc6 37. Nd4 Rc7 38. Nb3 Rb7 39. Nxa5 Rxb2 40. Nxc6 Rc4 41. Ne7+ Kf8 42. Nd5 f5 43. a5 Re4+ 44. Kd3 Rxe1 45. Rxe1 Ra2 46. Nc7 e4+ 47. Kc4 Ra4+ 48. Kb5 Rxa5+ 49. Kb4 Re5 50. c4 Kf7 51. Nd5 Bf8+ 52. Kc3 Bc5 53. Nf4 Re8 54. Nd5 Ra8 55. Rf1 Ra3+ 56. Kb2 Rf3 57. Rh1 Bd4+ 58. Kc2 Rf2+ 59. Kd1 f4 60. c5 Bxc5 61. Nc3 e3 62. Ne4 Ra2 63. Nxc5 Ra1+ 64. Ke2 Rxh1 65. Nd3 Rxh2+ 66. Kf3 Rf2+ 0-1

[Event "Tatry op"]
[Site "Tatranske Zruby"]
[Date "2011.09.27"]
[Round "3"]
[White "Balko, Dominik"]
[Black "Framberk, Jan"]
[Result "1/2-1/2"]
[WhiteElo "1854"]
[BlackElo "2070"]
[PlyCount "119"]
[EventDate "2011.09.25"]
[EventType "swiss"]
[EventRounds "9"]
[EventCountry "SVK"]
[SourceTitle "CBM 144 Extra"]
[Source "ChessBase"]
[SourceDate "2011.10.28"]
[SourceVersion "1"]
[SourceVersionDate "2011.10.28"]
[SourceQuality "1"]

1. d4 Nf6 2. Nc3 d6 3. e4 c6 4. Nf3 Qa5 5. Bd2 Bg4 6. Nd5 Qd8 7. Nxf6+ gxf6 8. h3 Bh5 9. g4 Bg6 10. Bd3 Qb6 11. b4 h5 12. 0-0 Nd7 13. a4 e6 14. a5 Qc7 15. g5 Bg7 16. gxf6 Bxf6 17. Bg5 Rg8 18. h4 Bxg5 19. Nxg5 0-0-0 20. Kh1 Nf6 21. f4 d5 22. e5 Ng4 23. Qe1 Bxd3 24. cxd3 Qd7 25. Rc1 Kb8 26. Rf3 Rg7 27. Ra1 Nh6 28. Rh3 Nf5 29. Qc3 Qe7 30. a6 b6 31. Rc1 Rc8 32. Qb2 Rc7 33. Rh2 f6 34. exf6 Qxf6 35. Rhc2 Ng3+ 36. Kg2 Qxf4 37. Rf2 Qd6 38. Rf3 Nf5 39. Kh3 Qe7 40. Rg1 Rc8 41. Qh2+ Qd6 42. Qxd6+ Nxd6 43. Re1 Nb5 44. Nxe6 Re7 45. Rf6 Rce8 46. Re5 Nxd4 47. Nxd4 Rxe5 48. Nxc6+ Kc7 49. Nxe5 Rxe5 50. Rf7+ Kc6 51. Rxa7 Re3+ 52. Kg2 Rxd3 53. Rh7 Ra3 54. Rxh5 Rxa6 55. b5+ Kxb5 56. Rxd5+ Kc4 57. Rd6 Ra2+ 58. Kg3 b5 59. h5 b4 60. h6 1/2-1/2

[Event "SVK-ch Seniors-A"]
[Site "Tatranske Matliare"]
[Date "2011.05.??"]
[Round "8"]
[White "Balko, Dominik"]
[Black "Matusek, Jan"]
[Result "1-0"]
[WhiteElo "1845"]
[BlackElo "1769"]
[PlyCount "31"]
[EventDate "2011.05.27"]
[EventType "swiss"]
[EventRounds "9"]
[EventCountry "SVK"]
[SourceTitle "EXT 2023"]
[Source "ChessBase"]
[SourceDate "2022.10.05"]
[SourceVersion "1"]
[SourceVersionDate "2022.10.05"]
[SourceQuality "1"]

1. d4 Nf6 2. Nc3 d5 3. Bg5 e6 4. e4 dxe4 5. Nxe4 Be7 6. Bxf6 Bxf6 7. Nf3 0-0 8. c3 b6 9. Qc2 Ba6 10. 0-0-0 Bxf1 11. Rdxf1 a5 12. g4 Be7 13. h4 f5 14. Neg5 Qd5 15. Re1 fxg4 16. Qxh7# 1-0

[Event "SVK-chT2B 0910"]
[Site "Slovakia"]
[Date "2009.12.12"]
[Round "5.8"]
[White "Balko, Dominik"]
[Black "Kollar, Jan"]
[Result "1/2-1/2"]
[WhiteElo "1998"]
[BlackElo "1755"]
[PlyCount "23"]
[EventDate "2009.10.10"]
[EventType "team"]
[EventRounds "11"]
[EventCountry "SVK"]
[SourceTitle "EXT 2011"]
[Source "ChessBase"]
[SourceDate "2010.11.26"]
[SourceVersion "1"]
[SourceVersionDate "2010.11.26"]
[SourceQuality "1"]
[WhiteTeam "Nitra NSK III"]
[BlackTeam "Sala Slovan Duslo"]
[WhiteTeamCountry "SVK"]
[BlackTeamCountry "SVK"]

1. d4 Nf6 2. Nc3 d5 3. Bg5 e6 4. e4 Be7 5. e5 Nfd7 6. Bxe7 Qxe7 7. Nf3 a6 8. Qe2 c5 9. 0-0-0 Nc6 10. dxc5 Qxc5 11. Re1 b5 12. a3 1/2-1/2

[Event "SVK-chT2B 0910"]
[Site "Slovakia"]
[Date "2009.10.10"]
[Round "1"]
[White "Balko, Dominik"]
[Black "Garban, Mario"]
[Result "1/2-1/2"]
[WhiteElo "1998"]
[BlackElo "1882"]
[PlyCount "76"]
[EventDate "2009.10.10"]
[EventType "team"]
[EventRounds "11"]
[EventCountry "SVK"]
[SourceTitle "EXT 2011"]
[Source "ChessBase"]
[SourceDate "2010.11.26"]
[SourceVersion "1"]
[SourceVersionDate "2010.11.26"]
[SourceQuality "1"]
[WhiteTeam "Nitra NSK III"]
[BlackTeam "Prievidza II"]
[WhiteTeamCountry "SVK"]
[BlackTeamCountry "SVK"]

1. f4 d5 2. Nf3 Nc6 3. e3 Nf6 4. Bb5 Bd7 5. 0-0 e6 6. b3 a6 7. Be2 Bc5 8. Bb2 Qe7 9. a4 0-0 10. d4 Bb4 11. c3 Bd6 12. Ne5 Ne4 13. Bd3 f5 14. Nd2 Be8 15. Nxc6 Bxc6 16. Nf3 Be8 17. Qc1 c6 18. Bxe4 fxe4 19. Ne5 Bxe5 20. fxe5 Bg6 21. Rxf8+ Qxf8 22. Ba3 Qf5 23. Qd2 Qg5 24. Rf1 Bf5 25. Rf4 Rd8 26. Qf2 h5 27. h4 Qg6 28. Be7 Rd7 29. Bg5 Rf7 30. Qb2 Bg4 31. g3 Rxf4 32. Bxf4 Bf3 33. c4 Qg4 34. cxd5 Qh3 35. Qh2 Qxh2+ 36. Kxh2 cxd5 37. b4 b5 38. a5 g6 1/2-1/2

[Event "Tatry op"]
[Site "Tatranske Zruby"]
[Date "2009.10.03"]
[Round "8"]
[White "Balko, Dominik"]
[Black "Csala, Jan"]
[Result "0-1"]
[WhiteElo "1998"]
[BlackElo "2188"]
[PlyCount "56"]
[EventDate "2009.09.27"]
[EventType "swiss"]
[EventRounds "9"]
[EventCountry "SVK"]
[SourceTitle "EXT 2011"]
[Source "ChessBase"]
[SourceDate "2010.11.26"]
[SourceVersion "1"]
[SourceVersionDate "2010.11.26"]
[SourceQuality "1"]

1. d4 Nf6 2. Nc3 d5 3. Bg5 Nbd7 4. e3 g6 5. Nf3 Bg7 6. Be2 0-0 7. 0-0 b6 8. Nd2 c5 9. dxc5 bxc5 10. Bf3 Bb7 11. Rb1 Rc8 12. Ne2 e5 13. Ng3 h6 14. Bxf6 Nxf6 15. c3 Qe7 16. Re1 e4 17. Be2 Nd7 18. Nb3 Rcd8 19. Qc2 f5 20. f4 exf3 21. Bxf3 Ne5 22. Be2 h5 23. Nd2 h4 24. Ngf1 Ng4 25. Bxg4 fxg4 26. Qxg6 Bc8 27. Qc2 Qf7 28. c4 Qf2+ 0-1

[Event "Brezova op"]
[Site "Brezova pod Bradlom"]
[Date "2009.08.24"]
[Round "4"]
[White "Sosovicka, Matej"]
[Black "Balko, Dominik"]
[Result "1-0"]
[WhiteElo "1844"]
[BlackElo "1998"]
[PlyCount "93"]
[EventDate "2009.08.22"]
[EventType "swiss"]
[EventRounds "9"]
[EventCountry "SVK"]
[SourceTitle "CBM 132 Extra"]
[Source "ChessBase"]
[SourceDate "2009.11.03"]
[SourceVersion "1"]
[SourceVersionDate "2009.11.03"]
[SourceQuality "1"]

1. e4 c6 2. d4 d5 3. Nc3 dxe4 4. Nxe4 Bf5 5. Ng3 Bg6 6. h4 h6 7. Nf3 Nd7 8. h5 Bh7 9. Bd3 Bxd3 10. Qxd3 e6 11. Bf4 Ngf6 12. 0-0-0 Qa5 13. Kb1 Nd5 14. Bd2 Qc7 15. c4 N5f6 16. Ne4 0-0-0 17. g3 Nxe4 18. Qxe4 Be7 19. Bf4 Qa5 20. Ne5 Nxe5 21. Bxe5 f6 22. Bf4 Qf5 23. Qxf5 exf5 24. Rhe1 Bb4 25. Bd2 Bxd2 26. Rxd2 Rhe8 27. Re3 Re4 28. Rxe4 fxe4 29. Kc2 Kd7 30. d5 c5 31. Re2 Re8 32. Kd2 Re5 33. g4 Kd6 34. Ke3 f5 35. Kf4 fxg4 36. Rxe4 Rxh5 37. Re6+ Kd7 38. Rg6 Rh2 39. Rxg7+ Kc8 40. Kg3 Rh1 41. Rxg4 Rb1 42. f4 Rxb2 43. f5 Rxa2 44. f6 Kd7 45. Rg7+ Ke8 46. Re7+ Kf8 47. d6 1-0

[Event "SVK-ch Seniors-A"]
[Site "Tatranske Matliare"]
[Date "2009.??.??"]
[Round "3"]
[White "Balko, Dominik"]
[Black "Rakay, Kvetoslav"]
[Result "0-1"]
[WhiteElo "1995"]
[BlackElo "2114"]
[PlyCount "60"]
[EventDate "2009.05.31"]
[EventType "swiss"]
[EventRounds "9"]
[EventCountry "SVK"]
[SourceTitle "EXT 2023"]
[Source "ChessBase"]
[SourceDate "2022.10.05"]
[SourceVersion "1"]
[SourceVersionDate "2022.10.05"]
[SourceQuality "1"]

1. d4 e6 2. Nc3 d5 3. e4 Nf6 4. Bg5 Bb4 5. e5 h6 6. exf6 hxg5 7. fxg7 Rg8 8. Qh5 Qf6 9. Nf3 Qxg7 10. 0-0-0 Bxc3 11. bxc3 c5 12. Bb5+ Bd7 13. Bxd7+ Nxd7 14. Ne1 0-0-0 15. Qe2 a6 16. Kb1 Nb6 17. Nf3 Na4 18. Qe3 c4 19. Ka1 Qf8 20. Qc1 Nxc3 21. Rde1 g4 22. Ne5 Nb5 23. c3 f6 24. Nxc4 dxc4 25. Rxe6 Nc7 26. Rb6 Rd6 27. Qb2 Rxb6 28. Qxb6 Qa3 29. Rb1 Qxc3+ 30. Rb2 Re8 0-1

[Event "SVK-chT2B 0809"]
[Site "Slovakia"]
[Date "2008.12.07"]
[Round "6.6"]
[White "Balko, Dominik"]
[Black "Beres, Dominik"]
[Result "0-1"]
[WhiteElo "1984"]
[BlackElo "2062"]
[PlyCount "106"]
[EventDate "2008.10.11"]
[EventType "team-tourn"]
[EventRounds "11"]
[EventCountry "SVK"]
[SourceTitle "EXT 2010"]
[Source "ChessBase"]
[SourceDate "2010.11.25"]
[SourceVersion "1"]
[SourceVersionDate "2010.11.25"]
[SourceQuality "1"]
[WhiteTeam "Nitra NSK III"]
[BlackTeam "Tlmace SK"]
[WhiteTeamCountry "SVK"]
[BlackTeamCountry "SVK"]

1. d4 Nf6 2. Nc3 d6 3. e4 g6 4. Nf3 Bg7 5. Be2 0-0 6. Be3 Nbd7 7. Qd2 c6 8. Bh6 b5 9. a3 Qa5 10. Bxg7 Kxg7 11. 0-0 Qc7 12. Rfe1 a6 13. Bd3 e5 14. dxe5 dxe5 15. Nh4 Nc5 16. Nf5+ Bxf5 17. exf5 Rad8 18. Qe3 Nxd3 19. cxd3 Rfe8 20. Rad1 a5 21. Ne4 Nxe4 22. dxe4 c5 23. h4 Qe7 24. fxg6 hxg6 25. g3 Rd4 26. Rxd4 exd4 27. Qe2 Qd7 28. g4 c4 29. f3 Qc7 30. Qf2 Qd6 31. Rd1 d3 32. Kg2 b4 33. Qd2 Rc8 34. h5 c3 35. bxc3 bxc3 36. Qg5 c2 37. Rh1 c1Q 38. Rxc1 Rxc1 39. Qxc1 d2 40. Qa1+ Kh7 41. hxg6+ Kxg6 42. Qd1 Qd3 43. e5 Kg5 44. Kg3 Qe3 45. Kg2 Qd4 46. Qc2 Kf4 47. Qf5+ Ke3 48. e6 d1Q 49. Qg5+ Ke2 50. Qb5+ Ke1 51. Qf1+ Kd2 52. Qxd1+ Kxd1 53. exf7 Qf6 0-1

[Event "SVK-ch Seniors"]
[Site "Tatranske Matliare"]
[Date "2008.06.14"]
[Round "9"]
[White "Hagara, Vladimir"]
[Black "Balko, Dominik"]
[Result "1-0"]
[WhiteElo "1967"]
[BlackElo "2006"]
[PlyCount "131"]
[EventDate "2008.06.08"]
[EventType "swiss"]
[EventRounds "9"]
[EventCountry "SVK"]
[SourceTitle "EXT 2009"]
[Source "ChessBase"]
[SourceDate "2008.11.26"]
[SourceVersion "1"]
[SourceVersionDate "2008.11.26"]
[SourceQuality "1"]

1. c4 g6 2. Nc3 Bg7 3. g3 c5 4. Bg2 Nc6 5. e4 d6 6. Nge2 e5 7. d3 Nge7 8. 0-0 0-0 9. Be3 a6 10. Qd2 Nd4 11. Bh6 b5 12. Bxg7 Kxg7 13. cxb5 Nxb5 14. Nxb5 axb5 15. a3 Nc6 16. h3 Be6 17. f4 Qb6 18. Kh2 f6 19. Bf3 Na5 20. Nc1 Rac8 21. Bd1 Nc6 22. Bb3 Bf7 23. Bxf7 Rxf7 24. Ne2 Na5 25. Qe3 Nb3 26. Rad1 b4 27. axb4 Qxb4 28. fxe5 dxe5 29. Nc3 Nd4 30. Rd2 Ra8 31. Nd5 Qb3 32. g4 c4 33. dxc4 Qxc4 34. Qd3 Qxd3 35. Rxd3 Ra2 36. Rd2 Ra1 37. Rdf2 Rxf1 38. Rxf1 g5 39. Rf2 Ne6 40. b4 Nf4 41. Ne3 Nd3 42. Rd2 Nxb4 43. Rd6 Na2 44. Rc6 Rd7 45. Rc8 Rd2+ 46. Kg3 Nc3 47. Rc7+ Kg6 48. Nf5 Rd3+ 49. Kg2 Rd2+ 50. Kf1 Rd1+ 51. Kf2 Nxe4+ 52. Kf3 Rf1+ 53. Kxe4 Rf4+ 54. Ke3 Rxf5 55. gxf5+ Kxf5 56. Rxh7 Kg6 57. Re7 Kf5 58. Re8 Kg6 59. Ke4 Kf7 60. Ra8 Kg6 61. Ra6 g4 62. hxg4 Kg5 63. Re6 Kh6 64. Kf5 e4 65. Rxe4 Kg7 66. Ra4 1-0

[Event "SVK-ch Seniors op"]
[Site "Tatranske Matliare"]
[Date "2007.06.11"]
[Round "2"]
[White "Mikulas, Dusan"]
[Black "Balko, Dominik"]
[Result "1-0"]
[WhiteElo "2167"]
[BlackElo "2004"]
[PlyCount "116"]
[EventDate "2007.06.10"]
[EventType "swiss"]
[EventRounds "9"]
[EventCountry "SVK"]
[SourceTitle "EXT 2008"]
[Source "ChessBase"]
[SourceDate "2007.11.25"]
[SourceVersion "1"]
[SourceVersionDate "2007.11.25"]
[SourceQuality "1"]

1. e4 c6 2. d4 d5 3. Nc3 dxe4 4. Nxe4 Bf5 5. Ng3 Bg6 6. h4 h6 7. Nf3 Nd7 8. h5 Bh7 9. Bd3 Bxd3 10. Qxd3 e6 11. Bd2 Ngf6 12. 0-0-0 Bd6 13. Ne4 Nxe4 14. Qxe4 Nf6 15. Qe2 Qb6 16. c4 Qa6 17. Kb1 0-0-0 18. Rh3 Rhe8 19. Ne5 Re7 20. Rb3 Nd7 21. Nxd7 Rexd7 22. Rc1 b6 23. Qf3 c5 24. dxc5 Bxc5 25. Qc6+ Rc7 26. Qa8+ Kd7 27. Qf3 Ke8 28. Bf4 Rcd7 29. Qg4 Rd4 30. g3 Rxc4 31. Qxg7 Rxc1+ 32. Bxc1 Bf8 33. Qg4 Rc8 34. Qd1 Qa5 35. g4 Rd8 36. Rd3 b5 37. Be3 a6 38. a3 Rxd3 39. Qxd3 Qd8 40. Qc2 Qd7 41. Kc1 b4 42. axb4 Bxb4 43. Bxh6 f6 44. Kb1 a5 45. Be3 f5 46. g5 Qb7 47. g6 Qh1+ 48. Ka2 Qxh5 49. Qc8+ Ke7 50. g7 f4 51. Qc7+ Kf6 52. Bd4+ e5 53. Qxe5+ Qxe5 54. Bxe5+ Kxe5 55. g8Q Ke4 56. Qa8+ Kf5 57. f3 Kg5 58. Qe4 Kh4 1-0